Normal view
MARC view
- 15 de novembre de 2015, atemptats, París, França
Entry Terme temàtic
001 - NÚMERO DE CONTROL
- campo de control: 168756
003 - IDENTIFICADOR DEL NÚMERO DE CONTROL
- campo de control: ES-BaIT
005 - FECHA Y HORA DE LA ÚLTIMA TRANSACCIÓN
- campo de control: 20260302085229.0
008 - DATOS DE LONGITUD FIJA
- campo de control de longitud fija: 260302|| aca||babn | a|a d
040 ## - FUENTE DE LA CATALOGACIÓN
- Centro catalogador/agencia de origen: ES-BaIT
150 ## - ENCABEZAMIENTO--TÉRMINO DE MATERIA
- Término de materia o nombre geográfico como elemento de entrada: 15 de novembre de 2015, atemptats, París, França
- Subdivisión de forma: Textos dramàtics


